• 首页
  • 本馆介绍
  • 公告通知
  • 最新文献
  • 馆藏检索
  • 电子资源
  • 读者导购
  • 参考咨询
  • 我的图书馆
  • 登录
  • 详细信息显示
  • 放入我的书架
  • 预约/预借图书
  • 作者相关作品
  • 分类相关作品
  • 丛书相关作品
  • 出版社相关作品

书目信息

  • 表格格式
  • 工作单格式
  • 卡片格式
题名:
猫图鉴
    
 
作者: 刘锐 主编
分册:  
出版信息: 南京   江苏科学技术出版社  2017
页数: 256页
开本: 21cm
丛书名: 图鉴珍藏丛书
单 册:
中图分类: S829.3-64
科图分类:
主题词: 猫--mao--驯养--图集
电子资源:
ISBN: 978-7-5537-5363-8
000 00942nam0 22002891 450
001 0119165310
005 20170619165310.0
010    @a978-7-5537-5363-8@dCNY39.80
100    @a20170424d2017 em y0chiy50 ea
101 0  @achi
102    @aCN@b320000
105    @aa z 000yy
106    @ar
200 1  @a猫图鉴@9mao tu jian@f刘锐主编
210    @a南京@c江苏科学技术出版社@d2017
215    @a256页@d21cm
225 2  @a图鉴珍藏丛书@9tu jian zhen cang cong shu
300    @a凤凰含章 含章·图鉴系列
314    @a刘锐,动物行为学研究者,资深宠物爱好者。
330    @a本书精心筛选出179只纯种猫,详细介绍了每只猫的原产国、祖先、起源时间、主要特征、寿命、性格、饲养技巧等方面的内容。
461  0 @12001 @a图鉴珍藏丛书
512 1  @a猫图鉴@e179只纯种猫的特征习性
606 0  @a猫@9mao@x驯养@j图集
690    @aS829.3-64@v5
701  0 @a刘锐@9liu rui@4主编
801  0 @aCN@b百万庄@c20170616
905    @b1011597-602@dS829.3-64@e136@f6
    
    猫图鉴/刘锐主编.-南京:江苏科学技术出版社,2017
    256页;21cm.-(图鉴珍藏丛书)
    凤凰含章 含章·图鉴系列
    
    ISBN 978-7-5537-5363-8:CNY39.80
    本书精心筛选出179只纯种猫,详细介绍了每只猫的原产国、祖先、起源时间、主要特征、寿命、性格、饲养技巧等方面的内容。
●
相关链接 在E读中查询图书 在五车中查询图书 在当当中查询图书 在豆瓣中查询图书


正题名:猫图鉴     索取号:S829.3-64/136         预约/预借

序号 登录号 条形码 馆藏地/架位号 状态 备注
1 1011597   210115971   第二样本阅览室/ [索取号:S829.3-64/136] 在馆    
2 1011598   210115980   教育系资料室/ [索取号:S829.3-64/136] 在馆    
3 1011599   210115999   教育系资料室/ [索取号:S829.3-64/136] 在馆    
4 1011600   210116006   教育系资料室/ [索取号:S829.3-64/136] 在馆    
5 1011601   210116015   第三借阅区/ [索取号:S829.3-64/136] 在馆    
6 1011602   210116024   第三借阅区/ [索取号:S829.3-64/136] 在馆    
唐山师范学院图书馆 欢迎您!
大连网信软件有限公司© 版权所有